书目信息 |
| 题名: |
我的联想岁月
|
|
| 作者: | 马帅 著 | |
| 分册: | ||
| 出版信息: | 北京 中国海天出版社 2004.08 |
|
| 页数: | 232页 | |
| 开本: | 23cm | |
| 丛书名: | ||
| 单 册: | ||
| 中图分类: | F426.67 | |
| 科图分类: | ||
| 主题词: | 工业经济--中国 | |
| 电子资源: | ||
| ISBN: | 7-80165-203-7 | |
| 000 | 00530nam0 2200193 450 | |
| 001 | 0754365266 | |
| 005 | 20071015145944.01 | |
| 010 | @a7-80165-203-7@dCNY26.00 | |
| 100 | @a20071012d2004 km y0chiy0120 ea | |
| 101 | 0 | @achi |
| 102 | @aCN@b110000 | |
| 200 | 1 | @a我的联想岁月@Awo de lian xiang sui yue@f马帅著@Fma shuai zhu |
| 210 | @a北京@c中国海天出版社@d2004.08 | |
| 215 | @a232页@d23cm | |
| 606 | 0 | @a工业经济@x中国 |
| 690 | @aF426.67@v4 | |
| 701 | 0 | @a马帅@Ama shuai@4著 |
| 801 | 0 | @aCN@bPFT@c20071015 |
| 905 | @aBZT@dF426.67@e11 | |
| 我的联想岁月/马帅著.-北京:中国海天出版社,2004.08 |
| 232页;23cm |
| ISBN 7-80165-203-7:CNY26.00 |
| ● |
| 相关链接 |
|
|
|
正题名:我的联想岁月
索取号:F426.67/11
 
预约/预借
| 序号 | 登录号 | 条形码 | 馆藏地/架位号 | 状态 | 备注 |
| 1 | 593140 | 230174803 | 中心书库北库/ 北库017架B面4列3层31/ [索取号:F426.67/11] | 在馆 | |
| 2 | 593141 | 230174807 | 中心书库北库/ 北库017架B面4列3层34/ [索取号:F426.67/11] | 在馆 | |
| 3 | 593142 | 230174806 | 中心书库北库/ 北库017架B面4列3层26/ [索取号:F426.67/11] | 在馆 | |
| 4 | 593143 | 230174805 | 中心书库北库/ 北库017架B面4列3层20/ [索取号:F426.67/11] | 在馆 | |
| 5 | 593144 | 230174804 | 中心书库北库/ 北库017架B面4列3层30/ [索取号:F426.67/11] | 在馆 | |
| 6 | 593145 | 230174812 | 中心书库北库/ 北库017架B面4列3层27/ [索取号:F426.67/11] | 在馆 | |
| 7 | 593146 | 230174811 | 中心书库北库/ 北库017架B面4列3层28/ [索取号:F426.67/11] | 在馆 | |
| 8 | 593147 | 230174810 | 中心书库北库/ 北库017架B面4列3层33/ [索取号:F426.67/11] | 在馆 | |
| 9 | 593148 | 230174809 | 中心书库北库/ 北库017架B面4列3层32/ [索取号:F426.67/11] | 在馆 | |
| 10 | 593149 | 230174808 | 中心书库北库/ 北库017架B面4列3层29/ [索取号:F426.67/11] | 在馆 |